Kemal Bibasar, spisovateľ verný vidieku

Bibliographic Details
Main Author: Celnarová, Xénia, 1944- (Author)
Format: Article
Language:Slovak
Subjects:

MARC

LEADER 00000nab a2200000 a 4500
001 vtls000114957
003 SK-MaSNL
005 20260304073022.0
008 250423c1982 xo 0 slo
015 |a SNBRB19rr/mm-uuuuu 
035 |a CL0125061 
035 |a urn:nbn:sk:snk-abbavy 
035 |a (urnnbn)urn:nbn:sk:snk:ar-006hfg 
035 |a (uuid)c20687f0-7afa-40c2-b5a9-155646932c2c 
040 |a SNKBUCL  |b slo  |c SNKBUCL  |e AACR2 
041 0 |a slo 
044 |a xo  |c SK 
080 |a 82:92:894.35  |2 1981 
080 |a 894.35:929  |2 1981 
080 |a 929 Bilbašar, Kemal  |2 1981 
100 1 |a Celnarová, Xénia,  |d 1944-  |4 aut  |9 15946 
245 1 0 |a Kemal Bibasar, spisovateľ verný vidieku  |c X.C. 
600 1 7 |a Bilbašar, Kemal  |d 1910-1983  |x Džemo  |x inscenácie rozhlasové  |x články úvodné  |2 snkbucl  |9 1009219 
655 7 |a články z novín a časopisov  |2 snkbucl  |9 267496 
773 0 |t Revue svetovej literatúry  |g Roč. 18, č. 1 (1982), s. 92 
850 |a Slovenská národná knižnica 
852 |a Slovenská národná knižnica 
958 |a article15 
958 |a OND 
958 |a RK 
958 |a LX 
958 |a EUIPO 
999 |c 2769084  |d 2771014